000 00566nam a2200193 a 4500
001 000019795
005 20200929170137.0
008 940705s1967 sp 000 0 spa
020 _a8423319806
040 _aDO-SdBNP
_bspa
_cBNPHU
082 _axxxx
_bL614c
100 1 _aLera, Angel Maria de,
_d1912-
_942273
245 1 4 _aLos clarines del miedo /
_cAngel Ma. de Lera.
250 _a3a ed.
260 _aBarcelona :
_bEdiciones Destino,
_c1967.
300 _a245 p. ;
_c18 cm.
490 1 _aÁncora y delfín;
_vv. 143
830 0 _aÁncora y delfín;
_vv.143
_94704
999 _c19308
_d19308